The comedians

Historia de tres hombres que llegan a Haití, Brown un hombre con un hotel en la capital del país, Smith un diplomático estadounidense que viaja con su esposa y Jones un hombre de negocios anglo-indio. Sr. Brown narra los hechos vividos en su tiempo en Haití y cómo sus destinos se cruzan allí.

Shranjeno v:
Bibliografske podrobnosti
Glavni avtor: Greene, Graham
Format: Knjiga
Jezik:Undetermined
Izdano: Londres, Inglaterra The Companion Books Club 1966
Teme:
Oznake: Označite
Brez oznak, prvi označite!

MARC

LEADER 00000nam a2200000Ia 4500
008 170316s9999 xx 000 0 und d
040 |a cru BVZT 
090 |a 820 G-13c 
100 |a Greene, Graham 
245 4 |a The comedians 
260 |a Londres, Inglaterra 
260 |b The Companion Books Club 
260 |c 1966 
300 |a 287 páginas 
520 |a Historia de tres hombres que llegan a Haití, Brown un hombre con un hotel en la capital del país, Smith un diplomático estadounidense que viaja con su esposa y Jones un hombre de negocios anglo-indio. Sr. Brown narra los hechos vividos en su tiempo en Haití y cómo sus destinos se cruzan allí. 
650 |a LITERATURA INGLESA  |9 12 
999 |c 6895  |d 6895 
942 |c 15 D  |h 820 G-13c  |2 z